[Event "Kort Paaske 1 2012"]
[Site "Helsingor"]
[Date "2012.04.05"]
[Round "1"]
[White "Sigeman, Johan"]
[Black "Frank Nielsen, Marie"]
[Result "1-0"]
[WhiteElo "2148"]
[BlackElo "1978"]
[PlyCount "69"]
[EventDate "2012.??.??"]
[EventCountry "DEN"]

1. c4 Nf6 2. Nc3 g6 3. g3 Bg7 4. Bg2 O-O 5. e4 d6 6. Nge2 c5 7. O-O Nc6 8. d3
a6 9. h3 Rb8 10. Be3 b5 11. Qd2 bxc4 12. dxc4 Ne5 13. b3 Ne8 14. f4 Nc6 15. e5
Nd4 16. Nxd4 cxd4 17. Qxd4 Nc7 18. Qa7 Bd7 19. exd6 exd6 20. Bd4 f6 21. Bb6
Rxb6 22. Qxb6 Qc8 23. Kh2 f5 24. Nd5 Nxd5 25. Bxd5+ Kh8 26. Rae1 Bf6 27. Qxd6
h5 28. h4 Qd8 29. Be6 Bxe6 30. Qxd8 Rxd8 31. Rxe6 Rd2+ 32. Kh1 Kg7 33. Rxa6 Rd3
34. Kg2 Bd4 35. Rd6 1-0

[Event "Kort Paaske 1 2012"]
[Site "Helsingor"]
[Date "2012.04.05"]
[Round "1"]
[White "Grau, Peter"]
[Black "Bonnez, Finn"]
[Result "1/2-1/2"]
[WhiteElo "2034"]
[BlackElo "1926"]
[PlyCount "77"]
[EventDate "2012.??.??"]
[EventCountry "DEN"]

1. e4 e5 2. Nf3 d6 3. d4 exd4 4. Nxd4 Nc6 5. Nc3 Be7 6. Be3 Nf6 7. Be2 O-O 8.
O-O a6 9. f4 Bd7 10. Nb3 Qc8 11. f5 b5 12. a3 Ne5 13. g4 Bc6 14. Nd5 Bxd5 15.
exd5 c5 16. a4 c4 17. Na5 Qc7 18. b4 cxb3 19. Nxb3 Nc4 20. Bf2 Ne4 21. Bd4 Bg5
22. Rf3 Rac8 23. axb5 axb5 24. Ra7 Qd8 25. Qe1 Bh4 26. Qb4 Ng5 27. Rd3 Qe8 28.
Nc1 Rb8 29. Qc3 f6 30. Bf1 Be1 31. Qa1 Qe4 32. Be2 Bd2 33. h4 Bxc1 34. Qxc1
Qxe2 35. hxg5 Qxg4+ 36. Kh2 Rbe8 37. Qg1 Re2+ 38. Bf2 Qxg1+ 39. Kxg1 1/2-1/2

[Event "Kort Paaske 1 2012"]
[Site "Helsingor"]
[Date "2012.04.05"]
[Round "1"]
[White "Lindestrom, Torsten"]
[Black "Yildiz, Hasan"]
[Result "1-0"]
[WhiteElo "2131"]
[BlackElo "1949"]
[PlyCount "73"]
[EventDate "2012.??.??"]
[EventCountry "DEN"]

1. d4 Nf6 2. Bg5 d6 3. Bxf6 gxf6 4. g3 Bg7 5. Bg2 c6 6. c4 Bf5 7. Nc3 O-O 8. e3
Nd7 9. Nge2 Qa5 10. a3 Qa6 11. b3 Rab8 12. O-O Rfc8 13. a4 Qa5 14. Rc1 a6 15.
Nf4 b5 16. e4 Bg6 17. h4 bxa4 18. bxa4 Bh6 19. Nce2 Nb6 20. c5 e5 21. cxb6 exf4
22. Nxf4 Rxb6 23. d5 Bxf4 24. gxf4 h5 25. f5 Bh7 26. Qd4 Kg7 27. Rc3 Rg8 28.
dxc6 Qb4 29. Qxb4 Rxb4 30. Rg3+ Kf8 31. Rxg8+ Kxg8 32. Rc1 Rb8 33. Bf1 d5 34.
c7 Rc8 35. Bxa6 Rxc7 36. Rxc7 dxe4 37. Bc8 1-0

[Event "Kort Paaske 1 2012"]
[Site "Helsingor"]
[Date "2012.04.05"]
[Round "1"]
[White "Lindholdt, Malik"]
[Black "Kaya Mortensen, Jan T"]
[Result "1-0"]
[WhiteElo "1935"]
[BlackElo "2056"]
[PlyCount "51"]
[EventDate "2012.??.??"]
[EventCountry "DEN"]

1. e4 d5 2. exd5 Qxd5 3. Nc3 Qd6 4. d4 Nf6 5. Nf3 a6 6. Bd3 Bg4 7. Ne4 Qb6 8.
c3 Nbd7 9. h3 Bh5 10. Ng3 Bg6 11. O-O e6 12. Qe2 c5 13. Bxg6 hxg6 14. Be3 Nd5
15. c4 Nxe3 16. fxe3 Nf6 17. Qc2 Be7 18. Rad1 Rd8 19. Qa4+ Kf8 20. Qc2 Qc7 21.
Ne4 cxd4 22. exd4 Nxe4 23. Qxe4 Qxc4 24. Ne5 Qb4 25. Rxf7+ Kg8 26. Rxg7+ 1-0

[Event "Kort Paaske 1 2012"]
[Site "Helsingor"]
[Date "2012.04.05"]
[Round "1"]
[White "Pedersen, Niels"]
[Black "Surender, Anil"]
[Result "1/2-1/2"]
[WhiteElo "1914"]
[BlackElo "1993"]
[PlyCount "109"]
[EventDate "2012.??.??"]
[EventCountry "DEN"]

1. e4 g6 2. d4 Bg7 3. f4 d6 4. Be3 e6 5. Nc3 Nd7 6. Nf3 a6 7. Qd2 b5 8. a3 Bb7
9. Be2 Ngf6 10. e5 Ne4 11. Nxe4 Bxe4 12. O-O Bxf3 13. Bxf3 d5 14. b3 Nb6 15.
Qd3 Bf8 16. Bd2 Qd7 17. Ba5 Rc8 18. Be2 Be7 19. a4 bxa4 20. Bxb6 cxb6 21. Rxa4
a5 22. Qa6 Qc7 23. Qb5+ Kf8 24. c4 Qc6 25. Qxc6 Rxc6 26. cxd5 exd5 27. Bf3 Kg7
28. Bxd5 Rc3 29. Rd1 Rd8 30. Bc4 Bc5 31. Be2 b5 32. Rxa5 Rxd4 33. Kf1 Rxf4+ 34.
Bf3 Rxb3 35. Ra2 Bd4 36. Re2 b4 37. e6 fxe6 38. Rxe6 Ra3 39. Rd6 Bc3 40. Rc6
Ra7 41. Rb6 Re7 42. Rb8 g5 43. Kg1 h6 44. h3 Ref7 45. Bh5 Bd4+ 46. Rxd4 Rxd4
47. Bxf7 Kxf7 48. Kf2 Rd2+ 49. Kf3 Rb2 50. g3 Rb1 51. Kg4 b3 52. Kh5 b2 53.
Kxh6 Rh1 54. Rxb2 Rxh3+ 55. Kxg5 1/2-1/2

[Event "Kort Paaske 1 2012"]
[Site "Helsingor"]
[Date "2012.04.05"]
[Round "1"]
[White "Yssing, Klaus"]
[Black "Larsen, Ole Bogh"]
[Result "0-1"]
[WhiteElo "1945"]
[BlackElo "2120"]
[PlyCount "60"]
[EventDate "2012.??.??"]
[EventCountry "DEN"]

1. d4 Nf6 2. c4 g6 3. g3 c6 4. Bg2 d5 5. cxd5 cxd5 6. Nf3 Bg7 7. O-O O-O 8. Nc3
Ne4 9. Ne5 Nxc3 10. bxc3 Nd7 11. Nd3 Nf6 12. Qb3 b6 13. c4 dxc4 14. Qxc4 Be6
15. Qa4 Bd5 16. e3 Bxg2 17. Kxg2 Qd5+ 18. Kg1 Ne4 19. Qb3 Qb7 20. f3 Nd6 21.
Ba3 Nf5 22. Rae1 Rfd8 23. Ne5 e6 24. Kf2 Rac8 25. Re2 Qa6 26. Rfe1 Bxe5 27.
dxe5 Rd3 28. Bd6 Rxb3 29. axb3 Nxd6 30. exd6 Qd3 0-1

[Event "Kort Paaske 1 2012"]
[Site "Helsingor"]
[Date "2012.04.05"]
[Round "1"]
[White "Jensen, Thore Nyboe"]
[Black "Christensen, Esben"]
[Result "1-0"]
[WhiteElo "1926"]
[BlackElo "2022"]
[PlyCount "43"]
[EventDate "2012.??.??"]
[EventCountry "DEN"]

1. e4 c5 2. Nf3 e6 3. d4 cxd4 4. Nxd4 Nf6 5. Nc3 d6 6. Be2 a6 7. O-O Qc7 8. Be3
Nbd7 9. f4 b5 10. Bf3 Bb7 11. a3 Rc8 12. Qe2 Be7 13. Rfe1 O-O 14. Rad1 Nb6 15.
Ndxb5 axb5 16. Nxb5 Qxc2 17. Bxb6 Ba6 18. Qxc2 Rxc2 19. Nc7 Rxb2 20. Bd4 Rb7
21. Nxa6 Ra8 22. e5 1-0

[Event "Kort Paaske 1 2012"]
[Site "Helsingor"]
[Date "2012.04.05"]
[Round "1"]
[White "Sorensen, Per Settergren"]
[Black "Tandrup, Michael"]
[Result "1-0"]
[WhiteElo "2008"]
[BlackElo "1920"]
[PlyCount "93"]
[EventDate "2012.??.??"]
[EventCountry "DEN"]

1. e4 e6 2. d4 d5 3. Nc3 dxe4 4. Nxe4 Nd7 5. Bd3 Ngf6 6. Qe2 Nxe4 7. Bxe4 Nf6
8. Bxb7 Rb8 9. Bxc8 Qxc8 10. Nf3 Bd6 11. O-O O-O 12. Re1 c6 13. c4 Qc7 14. Ne5
c5 15. dxc5 Qxc5 16. b3 Rfd8 17. Bb2 a5 18. Rad1 Qc7 19. h3 a4 20. Rd3 axb3 21.
axb3 Bb4 22. Red1 Rxd3 23. Rxd3 Ra8 24. Qd1 h6 25. Nd7 Nxd7 26. Rxd7 Qf4 27.
Rd8+ Rxd8 28. Qxd8+ Kh7 29. Qd3+ Kg8 30. Qd8+ Kh7 31. Qd3+ Kg8 32. Qd4 Qg5 33.
h4 Qg6 34. c5 Ba5 35. g3 f6 36. b4 Bc7 37. Kg2 Kh7 38. b5 Qc2 39. Qc3 Qe4+ 40.
Qf3 Qc2 41. Bd4 e5 42. Bc3 f5 43. b6 Bb8 44. c6 f4 45. c7 Bxc7 46. bxc7 e4 47.
Qxf4 1-0

[Event "Kort Paaske 1 2012"]
[Site "Helsingor"]
[Date "2012.04.05"]
[Round "1"]
[White "Kragh, Niels Kristian"]
[Black "Olsen, Michael Richard W"]
[Result "1/2-1/2"]
[WhiteElo "2112"]
[BlackElo "1938"]
[PlyCount "65"]
[EventDate "2012.??.??"]
[EventCountry "DEN"]

1. e4 a6 2. c4 e6 3. d4 d5 4. Nc3 dxe4 5. Nxe4 Nf6 6. Nc3 Be7 7. Nf3 O-O 8. Bd3
Kh8 9. O-O Nc6 10. Bb1 b5 11. cxb5 axb5 12. Nxb5 Ba6 13. Bd3 Nb4 14. Be2 Bxb5
15. Bxb5 Rxa2 16. Rxa2 Nxa2 17. Bd2 Nd5 18. Ne5 Nab4 19. Re1 c5 20. dxc5 Qc7
21. Bxb4 Nxb4 22. c6 Bd6 23. Qe2 Ra8 24. Nf3 Nd5 25. g3 h6 26. Rc1 Qb6 27. Bd3
Ra4 28. Nd2 Qxb2 29. Rb1 Ra1 30. Rxa1 Qxa1+ 31. Kg2 Qc3 32. Nc4 Bc7 33. Qe4
1/2-1/2

[Event "Kort Paaske 1 2012"]
[Site "Helsingor"]
[Date "2012.04.05"]
[Round "1"]
[White "Wilbrandt, Simon Pil"]
[Black "Kirknel, Thomas"]
[Result "0-1"]
[WhiteElo "1966"]
[BlackElo "2144"]
[PlyCount "64"]
[EventDate "2012.??.??"]
[EventCountry "DEN"]

1. d4 Nf6 2. Bg5 d5 3. Bxf6 exf6 4. e3 Be6 5. g3 c5 6. dxc5 Bxc5 7. c3 Nc6 8.
Bg2 O-O 9. Ne2 Qb6 10. Qd2 Ne5 11. b4 Bd6 12. O-O a5 13. Qd4 Qb5 14. Nf4 Nc6
15. a4 Qxf1+ 16. Kxf1 Nxd4 17. cxd4 Bxf4 18. gxf4 axb4 19. Nd2 Rfc8 20. f5 Bxf5
21. Bxd5 Ra7 22. Ke2 Kf8 23. Nc4 Ke7 24. Nb6 Rc2+ 25. Kf3 b3 26. Rb1 b2 27. Bb3
Rd2 28. Rg1 Ra6 29. Nc4 Rd3 30. Bc2 Rc3 31. Bxf5 Rxc4 32. Bd3 Rc1 0-1

[Event "Kort Paaske 1 2012"]
[Site "Helsingor"]
[Date "2012.04.05"]
[Round "2"]
[White "Larsen, Ole Bogh"]
[Black "Sigeman, Johan"]
[Result "1/2-1/2"]
[WhiteElo "2120"]
[BlackElo "2148"]
[PlyCount "31"]
[EventDate "2012.??.??"]
[EventCountry "DEN"]

1. e4 e5 2. Nf3 Nc6 3. Bb5 a6 4. Ba4 Nf6 5. O-O Nxe4 6. d4 b5 7. Bb3 d5 8. Nxe5
Nxe5 9. dxe5 Be6 10. c3 Bc5 11. Qe2 O-O 12. Be3 Qe7 13. Nd2 Bxe3 14. Qxe3 Nxd2
15. Qxd2 c6 16. Rae1 1/2-1/2

[Event "Kort Paaske 1 2012"]
[Site "Helsingor"]
[Date "2012.04.05"]
[Round "2"]
[White "Tandrup, Michael"]
[Black "Wilbrandt, Simon Pil"]
[Result "1/2-1/2"]
[WhiteElo "1920"]
[BlackElo "1966"]
[PlyCount "97"]
[EventDate "2012.??.??"]
[EventCountry "DEN"]

1. d4 c5 2. e3 Nf6 3. Nf3 cxd4 4. exd4 d5 5. Bd3 Bg4 6. Nbd2 Nc6 7. c3 e6 8.
Qa4 Qc7 9. Ne5 Bd6 10. Nxg4 Nxg4 11. h3 Nf6 12. Nf3 h6 13. Bb5 Ne4 14. Be3 f5
15. Nd2 O-O 16. Nxe4 dxe4 17. Bxc6 bxc6 18. O-O f4 19. Bd2 f3 20. Qc4 Qf7 21.
g3 Rac8 22. Kh2 Qg6 23. Rg1 Rf5 24. Qf1 Rh5 25. Bf4 Bxf4 26. gxf4 Qf5 27. Rg3
Qxf4 28. Qa6 Rc7 29. Rag1 Rg5 30. Qc4 Kf7 31. Kh1 Qf5 32. Qf1 Rxg3 33. Rxg3 h5
34. h4 Qf4 35. Qh3 Qc1+ 36. Rg1 Qxb2 37. Rxg7+ Kxg7 38. Qg3+ Kh8 39. Qxc7 Qc1+
40. Kh2 Qa3 41. Qe5+ Kg8 42. Qxe6+ Kg7 43. Qe5+ Kg8 44. Qe6+ Kf8 45. Qf6+ Kg8
46. Qg5+ Kf8 47. Qf6+ Kg8 48. Qd8+ Kg7 49. Qg5+ 1/2-1/2

[Event "Kort Paaske 1 2012"]
[Site "Helsingor"]
[Date "2012.04.05"]
[Round "2"]
[White "Olsen, Michael Richard W"]
[Black "Grau, Peter"]
[Result "1-0"]
[WhiteElo "1938"]
[BlackElo "2034"]
[PlyCount "127"]
[EventDate "2012.??.??"]
[EventCountry "DEN"]

1. e4 e5 2. Nf3 Nc6 3. Be2 Nf6 4. d3 Be7 5. c4 d6 6. h3 h6 7. Be3 Be6 8. Nc3
Nh7 9. Qd2 Bf6 10. Bd1 Ne7 11. Ba4+ c6 12. O-O-O a6 13. Bb3 b5 14. Kb1 O-O 15.
g4 d5 16. cxd5 cxd5 17. d4 dxe4 18. Nxe5 Bxb3 19. axb3 Qc7 20. f4 exf3 21. Nxf3
Rfd8 22. Qf2 Qb7 23. h4 b4 24. Na4 Qe4+ 25. Ka2 Nd5 26. Bc1 Qxg4 27. Bxh6 Qf5
28. Bc1 Rac8 29. Qf1 Rc2 30. Ng5 Qxf1 31. Rhxf1 Rdc8 32. Kb1 Rg2 33. Nf3 Re8
34. Nc5 a5 35. Rfe1 Ra8 36. Rg1 Rxg1 37. Rxg1 Re8 38. Rg2 Nf8 39. h5 Re7 40.
Bd2 Ne6 41. Rg4 Kh7 42. Ne4 Rd7 43. Kc2 Bd8 44. Kd3 f6 45. Kc4 Nb6+ 46. Kb5
Rd5+ 47. Kc6 Rxh5 48. Nc5 Nf8 49. Rh4 Rxh4 50. Nxh4 g5 51. Ng2 Kg6 52. Nb7 Ne6
53. Be3 a4 54. Nxd8 Nxd8+ 55. Kxb6 a3 56. bxa3 bxa3 57. Bc1 a2 58. Bb2 f5 59.
Kc7 Nf7 60. b4 f4 61. b5 Kf5 62. b6 f3 63. Ne3+ Ke4 64. Nf1 1-0

[Event "Kort Paaske 1 2012"]
[Site "Helsingor"]
[Date "2012.04.05"]
[Round "2"]
[White "Kirknel, Thomas"]
[Black "Sorensen, Per Settergren"]
[Result "1-0"]
[WhiteElo "2144"]
[BlackElo "2008"]
[PlyCount "115"]
[EventDate "2012.??.??"]
[EventCountry "DEN"]

1. e4 e5 2. Nf3 Nc6 3. Bb5 a6 4. Ba4 Nf6 5. O-O Be7 6. Nc3 b5 7. Bb3 d6 8. a4
b4 9. Nd5 O-O 10. d3 Bg4 11. Bd2 a5 12. c3 bxc3 13. bxc3 h6 14. h3 Be6 15. Rb1
Qd7 16. Qe2 Rfe8 17. Bc4 Reb8 18. Be3 Bd8 19. Kh2 Nh7 20. Bb5 Qe8 21. Rb3 Bd7
22. Rfb1 Rc8 23. Nd2 Nf6 24. Qf3 Nb8 25. Nxf6+ Bxf6 26. Bxh6 Na6 27. Be3 c6 28.
Bc4 Nc7 29. Rb7 d5 30. Ba2 d4 31. cxd4 exd4 32. Bf4 Ne6 33. Bd6 Nd8 34. R7b2
Be6 35. Nc4 Bxc4 36. Bxc4 Be5+ 37. Bxe5 Qxe5+ 38. g3 Rab8 39. Kg2 Rxb2 40. Rxb2
Rb8 41. Rxb8 Qxb8 42. Qf5 Qb6 43. Qd7 c5 44. Qe8+ Kh7 45. Bxf7 Nxf7 46. Qxf7
Qb4 47. Qh5+ Kg8 48. Qd5+ Kf8 49. e5 Qxa4 50. Qxc5+ Kf7 51. Qd5+ Kf8 52. Qd6+
Kg8 53. e6 Qe8 54. Qxd4 Qxe6 55. Qd8+ Kh7 56. Qxa5 Qc6+ 57. Kh2 Qf3 58. Qd2 1-0

[Event "Kort Paaske 1 2012"]
[Site "Helsingor"]
[Date "2012.04.05"]
[Round "2"]
[White "Lindholdt, Malik"]
[Black "Lindestrom, Torsten"]
[Result "0-1"]
[WhiteElo "1935"]
[BlackElo "2131"]
[PlyCount "112"]
[EventDate "2012.??.??"]
[EventCountry "DEN"]

1. e4 d5 2. exd5 Qxd5 3. Nc3 Qa5 4. d4 Nf6 5. Nf3 Bf5 6. Bd2 e6 7. Ne4 Qb6 8.
Nxf6+ gxf6 9. Bc3 Bb4 10. Qd2 Nc6 11. a3 Bxc3 12. Qxc3 O-O-O 13. O-O-O Bg4 14.
d5 exd5 15. Qxf6 Qxf2 16. Qf4 Be6 17. Rd2 Qc5 18. Bd3 h6 19. Bf5 Qd6 20. Qg4
Rhg8 21. Qh3 Bxf5 22. Qxf5+ Qe6 23. Qd3 d4 24. Re1 Qa2 25. c4 dxc3 26. Qxc3
Rxd2 27. Qxd2 Rd8 28. Qc3 Qd5 29. Kc2 Nd4+ 30. Qxd4 Qxd4 31. Nxd4 Rxd4 32. Rf1
Rg4 33. g3 Rg7 34. Rf6 Rh7 35. Kd3 Kd7 36. Ke4 Ke7 37. Ke5 h5 38. Rf5 Rh6 39.
Kd4 h4 40. g4 Rd6+ 41. Kc3 Rf6 42. Re5+ Kd6 43. Re3 Rf4 44. g5 a5 45. Rd3+ Kc5
46. Rd7 Rf3+ 47. Kc2 Kc6 48. Rd2 h3 49. Kd1 Rf1+ 50. Ke2 Rg1 51. Rc2+ Kd6 52.
Kf3 Rxg5 53. b3 b5 54. Rd2+ Rd5 55. Rxd5+ Kxd5 56. Kg3 c5 0-1

[Event "Kort Paaske 1 2012"]
[Site "Helsingor"]
[Date "2012.04.05"]
[Round "2"]
[White "Surender, Anil"]
[Black "Jensen, Thore Nyboe"]
[Result "1/2-1/2"]
[WhiteElo "1993"]
[BlackElo "1926"]
[PlyCount "51"]
[EventDate "2012.??.??"]
[EventCountry "DEN"]

1. e4 g6 2. d4 Bg7 3. c4 d6 4. Nc3 Nc6 5. Be3 e5 6. d5 Nce7 7. c5 f5 8. cxd6
cxd6 9. f3 Nf6 10. Bd3 O-O 11. Nge2 fxe4 12. Bxe4 Nf5 13. Bf2 b5 14. Nxb5 Rb8
15. Nbc3 Rxb2 16. Rb1 Rxb1 17. Qxb1 Nxe4 18. fxe4 Nd4 19. O-O Ba6 20. Re1 Qf6
21. Be3 Qh4 22. Ng3 Bh6 23. Bxh6 Qxh6 24. Qc1 Qxc1 25. Rxc1 Bd3 26. Rd1 1/2-1/2

[Event "Kort Paaske 1 2012"]
[Site "Helsingor"]
[Date "2012.04.05"]
[Round "2"]
[White "Bonnez, Finn"]
[Black "Kragh, Niels Kristian"]
[Result "1-0"]
[WhiteElo "1926"]
[BlackElo "2112"]
[PlyCount "111"]
[EventDate "2012.??.??"]
[EventCountry "DEN"]

1. d4 f5 2. Bg5 h6 3. Bd2 Nf6 4. c4 e6 5. Nc3 d5 6. e3 Bd6 7. c5 Be7 8. Nf3 O-O
9. Ne5 Nbd7 10. Ng6 Re8 11. f4 Ne4 12. Nxe4 dxe4 13. Nxe7+ Qxe7 14. Qc2 Nf6 15.
h3 b6 16. Bb5 Bd7 17. c6 Bc8 18. O-O-O a6 19. Be2 b5 20. Rhg1 Nd5 21. g4 Qd6
22. Kb1 Rb8 23. g5 Kh7 24. gxh6 gxh6 25. Rc1 Ne7 26. Bh5 Rg8 27. Rxg8 Nxg8 28.
a3 Nf6 29. Bb4 Qd8 30. Be2 Nd5 31. Qd2 a5 32. Bxa5 Ba6 33. Bb4 Qh4 34. Bf1 Qg3
35. Re1 Rb6 36. Qc1 Nxb4 37. axb4 Rxc6 38. Qd2 Rb6 39. Re2 Bb7 40. Rg2 Qh4 41.
Rg1 Bd5 42. Bxb5 Qf6 43. Be8 Rb8 44. Bg6+ Kh8 45. Bh5 Bc4 46. Rg6 Bd3+ 47. Kc1
Qf8 48. Rxe6 Ra8 49. Qc3 Ra1+ 50. Kd2 Rg1 51. d5+ Kh7 52. Qxc7+ Kg8 53. Re8
Rg2+ 54. Ke1 Rg1+ 55. Kf2 Rf1+ 56. Kg2 1-0

[Event "Kort Paaske 1 2012"]
[Site "Helsingor"]
[Date "2012.04.05"]
[Round "2"]
[White "Kaya Mortensen, Jan T"]
[Black "Pedersen, Niels"]
[Result "1-0"]
[WhiteElo "2056"]
[BlackElo "1914"]
[PlyCount "105"]
[EventDate "2012.??.??"]
[EventCountry "DEN"]

1. d4 Nf6 2. Nf3 d5 3. e3 Bf5 4. c4 Nbd7 5. cxd5 Nxd5 6. Qb3 N5b6 7. Ng5 e6 8.
e4 Bg6 9. f3 Be7 10. Nh3 c5 11. Be3 cxd4 12. Bxd4 e5 13. Be3 O-O 14. Nc3 Bc5
15. Bg5 Nf6 16. Rd1 Qe7 17. a4 a5 18. Bb5 Rfd8 19. Ke2 Rxd1 20. Rxd1 Rd8 21.
Bh4 Rxd1 22. Qxd1 Bd4 23. Bf2 Bxf2 24. Nxf2 h6 25. g4 Nfd7 26. Bxd7 Qxd7 27.
Qxd7 Nxd7 28. Kd3 Nb6 29. b3 f6 30. Nb5 Be8 31. Nd6 Bc6 32. Nd1 g6 33. Ne3 Kf8
34. Nec4 Ke7 35. Nxb6 Kxd6 36. Nc4+ Kc7 37. Nxa5 Bd7 38. Nc4 Kc6 39. Kc3 Kc5
40. b4+ Kc6 41. Nb2 Kd6 42. b5 f5 43. Nc4+ Ke6 44. gxf5+ gxf5 45. Kd3 f4 46.
Kc3 Be8 47. Kb4 Bh5 48. Nd2 Kd6 49. a5 Be8 50. Nc4+ Ke6 51. Kc5 Bh5 52. Nd2 Be8
53. a6 1-0

[Event "Kort Paaske 1 2012"]
[Site "Helsingor"]
[Date "2012.04.05"]
[Round "2"]
[White "Christensen, Esben"]
[Black "Yildiz, Hasan"]
[Result "1/2-1/2"]
[WhiteElo "2022"]
[BlackElo "1949"]
[PlyCount "133"]
[EventDate "2012.??.??"]
[EventCountry "DEN"]

1. e4 d6 2. Nf3 g6 3. h3 Bg7 4. d4 Nf6 5. Nc3 O-O 6. Be3 c6 7. a4 Nbd7 8. e5
Ne8 9. a5 h6 10. e6 fxe6 11. Bd3 g5 12. Nh2 e5 13. Ne2 exd4 14. Nxd4 Ne5 15.
Be2 c5 16. Nb3 Be6 17. h4 gxh4 18. Ng4 Nxg4 19. Bxg4 Qd7 20. Nxc5 Bxg4 21. Nxd7
Bxd1 22. Nxf8 Bxc2 23. Ne6 Bxb2 24. O-O Bxa1 25. Rxa1 h3 26. g4 Nf6 27. f3 h5
28. Rc1 Nd5 29. Bd2 Bg6 30. g5 Bf5 31. Nc7 Nxc7 32. Rxc7 Kf7 33. Rxb7 a6 34.
Bf4 Ke6 35. Rb6 Bd3 36. Kh2 Rf8 37. Rb4 Be2 38. Re4+ Kd7 39. Bxd6 exd6 40. Rxe2
Rxf3 41. Re1 Rf5 42. Rg1 Ke6 43. Kxh3 Kf7 44. Rd1 d5 45. Rb1 d4 46. Kh4 Rd5 47.
Kxh5 d3 48. Kh6 d2 49. g6+ Kf6 50. Rf1+ Rf5 51. Rh1 Rd5 52. Rf1+ Ke7 53. Rd1
Kf8 54. g7+ Kg8 55. Kg6 Rd6+ 56. Kf5 Kxg7 57. Ke4 Kf6 58. Ke3 Rd5 59. Rxd2 Rxa5
60. Kd4 Ke6 61. Kc3 Rb5 62. Kc4 Rb1 63. Ra2 Rc1+ 64. Kb4 Rc6 65. Ka5 Kd5 66.
Rd2+ Ke6 67. Rb2 1/2-1/2

[Event "Kort Paaske 1 2012"]
[Site "Helsingor"]
[Date "2012.04.05"]
[Round "2"]
[White "Frank Nielsen, Marie"]
[Black "Yssing, Klaus"]
[Result "1-0"]
[WhiteElo "1978"]
[BlackElo "1945"]
[PlyCount "83"]
[EventDate "2012.??.??"]
[EventCountry "DEN"]

1. e4 e6 2. d4 d5 3. e5 c5 4. c3 Nc6 5. Nf3 Qb6 6. Bd3 Bd7 7. O-O f6 8. dxc5
Bxc5 9. b4 Be7 10. Bf4 f5 11. Re1 Nh6 12. a4 Nf7 13. h4 O-O 14. Nbd2 h6 15. Nb3
g5 16. hxg5 hxg5 17. Be3 Qc7 18. Bc5 b6 19. Bxe7 Nxe7 20. Qd2 g4 21. Nfd4 Ng6
22. Bxf5 exf5 23. e6 Nd6 24. exd7 Ne4 25. Ne6 Qxd7 26. Nxf8 Rxf8 27. Qd4 Rd8
28. a5 Nh4 29. axb6 axb6 30. Qxb6 f4 31. Ra7 Qd6 32. Qxd6 Rxd6 33. Nd4 Rf6 34.
Rc7 f3 35. g3 Ng6 36. Ra1 Nf8 37. Raa7 Kh8 38. Rg7 Nxc3 39. Rxg4 Ne2+ 40. Kf1
Rh6 41. Nxf3 Nc3 42. Ne5 1-0

[Event "Kort Paaske 1 2012"]
[Site "Helsingor"]
[Date "2012.04.06"]
[Round "3"]
[White "Sigeman, Johan"]
[Black "Olsen, Michael Richard W"]
[Result "1-0"]
[WhiteElo "2148"]
[BlackElo "1938"]
[PlyCount "57"]
[EventDate "2012.??.??"]
[EventCountry "DEN"]

1. c4 Nf6 2. Nc3 c6 3. e4 d6 4. d4 e6 5. Nf3 Be7 6. Bd3 Nfd7 7. Bf4 e5 8. dxe5
dxe5 9. Nxe5 Nxe5 10. Bxe5 Be6 11. O-O Nd7 12. Bg3 g5 13. Qe2 h5 14. f3 h4 15.
Bf2 Qc7 16. Nd5 cxd5 17. cxd5 Bh3 18. gxh3 Bd6 19. Bb5 O-O 20. Rac1 Qd8 21.
Bxd7 Qxd7 22. Be3 f6 23. Qg2 Kf7 24. Qg4 Ke7 25. Bc5 Rac8 26. Bxd6+ Kxd6 27.
e5+ Ke7 28. Qb4+ Ke8 29. e6 1-0

[Event "Kort Paaske 1 2012"]
[Site "Helsingor"]
[Date "2012.04.06"]
[Round "3"]
[White "Jensen, Thore Nyboe"]
[Black "Larsen, Ole Bogh"]
[Result "1-0"]
[WhiteElo "1926"]
[BlackElo "2120"]
[PlyCount "55"]
[EventDate "2012.??.??"]
[EventCountry "DEN"]

1. e4 e5 2. Nf3 Nc6 3. d4 exd4 4. Nxd4 Bc5 5. Be3 Qf6 6. c3 Nge7 7. Be2 O-O 8.
Qd2 Qg6 9. Nxc6 Qxc6 10. O-O d6 11. Bf3 Qb6 12. Re1 Ng6 13. b4 Bxe3 14. Rxe3
Ne5 15. Be2 f5 16. exf5 Bxf5 17. Na3 Be6 18. Nb5 a6 19. Nd4 Bd5 20. Rc1 Kh8 21.
c4 Bg8 22. c5 dxc5 23. Rxc5 Ng6 24. Qc3 Rad8 25. Nf5 Rxf5 26. Rxf5 Bxa2 27. g3
Bb1 28. Rf7 1-0

[Event "Kort Paaske 1 2012"]
[Site "Helsingor"]
[Date "2012.04.06"]
[Round "3"]
[White "Frank Nielsen, Marie"]
[Black "Kaya Mortensen, Jan T"]
[Result "0-1"]
[WhiteElo "1978"]
[BlackElo "2056"]
[PlyCount "76"]
[EventDate "2012.??.??"]
[EventCountry "DEN"]

1. e4 e6 2. d4 d5 3. Nc3 Bb4 4. e5 c5 5. a3 Bxc3+ 6. bxc3 Ne7 7. Nf3 Bd7 8. Be2
Ba4 9. O-O c4 10. Bg5 Nbc6 11. Qc1 h6 12. Bh4 g5 13. Bg3 Kd7 14. Ne1 Qg8 15.
Bh5 Qh7 16. f4 Nf5 17. Rb1 b6 18. Qd2 Rag8 19. Bg4 Nxg3 20. hxg3 h5 21. Bd1 g4
22. f5 exf5 23. Qf4 Ke6 24. Be2 b5 25. Kf2 Qh6 26. Rh1 Ne7 27. Qxh6+ Rxh6 28.
Ke3 Ng6 29. Bd1 Nf8 30. Kf4 Nh7 31. Rb4 Ng5 32. Be2 Ne4 33. Rh4 Rhh8 34. Bf1
Nxc3 35. Ke3 a5 36. Rxa4 Nxa4 37. Kd2 b4 38. axb4 axb4 0-1

[Event "Kort Paaske 1 2012"]
[Site "Helsingor"]
[Date "2012.04.06"]
[Round "3"]
[White "Surender, Anil"]
[Black "Lindholdt, Malik"]
[Result "1-0"]
[WhiteElo "1993"]
[BlackElo "1935"]
[PlyCount "83"]
[EventDate "2012.??.??"]
[EventCountry "DEN"]

1. d4 Nf6 2. Bg5 Ne4 3. Bf4 e6 4. f3 Nf6 5. e4 d5 6. e5 Nfd7 7. Be3 c5 8. c3
Nc6 9. f4 cxd4 10. cxd4 Qa5+ 11. Nc3 a6 12. Nf3 b5 13. Bd3 Nb6 14. O-O g6 15.
g4 Bh6 16. Qc1 Nb4 17. Be2 Nc4 18. Bxc4 bxc4 19. b3 Bb7 20. a3 Nd3 21. Qd2 Bc6
22. b4 Qc7 23. Ne1 Nxe1 24. Raxe1 Qd7 25. Kh1 a5 26. bxa5 Bf8 27. Ra1 h5 28. f5
hxg4 29. fxe6 Qxe6 30. Rf6 Qd7 31. e6 fxe6 32. Rxg6 Qf7 33. Rxg4 Qf3+ 34. Rg2
Rxa5 35. Kg1 Rxa3 36. Rf1 Qh3 37. Rg3 Qh7 38. Bf4 Bb4 39. Qe2 Kd7 40. Re1 Re8
41. Qe5 Ra7 42. Rg7+ 1-0

[Event "Kort Paaske 1 2012"]
[Site "Helsingor"]
[Date "2012.04.06"]
[Round "3"]
[White "Kragh, Niels Kristian"]
[Black "Wilbrandt, Simon Pil"]
[Result "1-0"]
[WhiteElo "2112"]
[BlackElo "1966"]
[PlyCount "61"]
[EventDate "2012.??.??"]
[EventCountry "DEN"]

1. e4 c5 2. Nf3 d6 3. d4 cxd4 4. Nxd4 Nf6 5. Nc3 g6 6. Be3 Bg7 7. f3 a6 8. Qd2
Nbd7 9. Be2 Qc7 10. O-O O-O 11. Kh1 b6 12. Bh6 Bb7 13. Rae1 Rad8 14. Bd3 d5 15.
exd5 Nc5 16. Qg5 Nxd3 17. cxd3 Bxh6 18. Qxh6 Bxd5 19. Nde2 Bb7 20. Ne4 Bxe4 21.
dxe4 Qc2 22. Ng3 Rd2 23. e5 Ne8 24. Re4 Ng7 25. Rh4 g5 26. Qxg5 Rd1 27. Rg4
Rxf1+ 28. Nxf1 Qg6 29. Qxe7 Re8 30. Qf6 Qd3 31. Qxg7# 1-0

[Event "Kort Paaske 1 2012"]
[Site "Helsingor"]
[Date "2012.04.06"]
[Round "3"]
[White "Pedersen, Niels"]
[Black "Christensen, Esben"]
[Result "1-0"]
[WhiteElo "1914"]
[BlackElo "2022"]
[PlyCount "53"]
[EventDate "2012.??.??"]
[EventCountry "DEN"]

1. e4 c5 2. Nf3 d6 3. d4 cxd4 4. Nxd4 Nf6 5. Nc3 a6 6. f3 e6 7. Be3 Be7 8. Qd2
O-O 9. g4 Nc6 10. O-O-O Qc7 11. h4 b5 12. a3 Bb7 13. h5 Ne5 14. g5 Nfd7 15. g6
Nc4 16. Bxc4 Qxc4 17. h6 fxg6 18. hxg7 Rf7 19. Rxh7 Rxg7 20. Rxg7+ Kxg7 21. b3
Qc8 22. Nxe6+ Kf7 23. Ng5+ Bxg5 24. Bxg5 Ne5 25. Kb2 Qe6 26. Qxd6 Rc8 27. f4
1-0